00590nam a2200193Ia 450000500170000000800410001704000190005804100120007708200190008910000250010824501070013326000290024030000160026950400190028565000190030465100380032370000250036185000100038620221118101904.0131103s9999 xx 000 0 und d aLoreto College aEnglish a821.7bSHE-BAS aShelley,Percy Bysshe aPrometheus Unboundb a lyrical drama : in four actscPercy Bysshe Shelley;edited by Nitis Kumar Basu aCalcuttabBooklandc1961 a[5],184 p.  aIncludes notes aEnglish poetry aShelley,Percy Bysshe - Prometheus aBasu,Nitis Kumar,ed. aLCLIB